000 00601nam a2200205 i 4500
001 84377
003 ES-MaACL
005 20250926063053.0
007 t|
008 041122s1916 fr ||||1| fre d
100 1 _aJames, William,
_d1842-1910
_965978
245 1 3 _aLa volonte de croire /
_cWilliam James ; traduit par Loys Moulin.
260 _aParis :
_bFlammarion,
_c1916 (
_fHemmerlé et Cie.)
300 _a347 p. ;
_c18 cm.
650 0 4 _aFe.
_912734
650 0 4 _aCreencia y duda.
_911414
700 1 _aMoulin, Loys.
_983862
852 _aES-MaACL
_jF-6393
999 _c84377
_d84377